00263nam a22001097a 4500040000900000082001300009100002400022110002500046245002700071260003800098650001700136 cNUST a297bNAS aAbu Lais Samarqandi aMaulana Abdul Majeed aTanbihul Ghafilin Urdu aMultan:bMaktaba mudariya,c2000. aislamic book